[Event "14th Padova Open"]
[Site "Padova ITA"]
[Date "2011.12.14"]
[Round "5"]
[White "Manca,F"]
[Black "Valsecchi,A"]
[Result "1-0"]
[WhiteElo "2417"]
[BlackElo "2376"]

1.d4 g6 2.e4 Bg7 3.Nc3 c5 4.d5 d6 5.Nf3 Bg4 6.Be2 Bxf3 7.Bxf3 Qa5 8.O-O b5
9.a4 b4 10.Nb1 Nd7 11.Nd2 Qc7 12.Nc4 Ne5 13.Be2 Nf6 14.Nxe5 dxe5 15.Bb5+ Nd7
16.Be3 Rc8 17.c3 O-O 18.cxb4 cxb4 19.Rc1 Qb7 20.Bc6 Qc7 21.Qd3 Rcd8 22.Qa6 f5
23.Bb7  1-0

[Event "48th Groningen Open A"]
[Site "Groningen NED"]
[Date "2011.12.23"]
[Round "3.8"]
[White "Durarbeyli,V"]
[Black "Ypma,P"]
[Result "0-1"]
[WhiteElo "2539"]
[BlackElo "2105"]

1.e4 g6 2.d4 Bg7 3.Nc3 c5 4.dxc5 Bxc3+ 5.bxc3 Qa5 6.Qd4 Nf6 7.Qb4 Nc6 8.Qxa5 Nxa5
9.Bd3 O-O 10.Nf3 b6 11.e5 Nd5 12.c4 Nb4 13.Be3 Ba6 14.Nd2 bxc5 15.Bxc5 Nbc6
16.f4 Rfc8 17.Ba3 Rab8 18.O-O Nd4 19.Nb3 Ndc6 20.Nd2 Nd4 21.Nb3 Ndc6 22.Nc5 Bxc4
23.Nxd7 Rb5 24.Rfd1 Bxd3 25.Rxd3 Nc4 26.Rad1 Ra5 27.Bc1 Rxa2 28.Rc3 Nb4 29.Rb3 Nxc2
30.f5 Nxe5 31.Nxe5 Nd4 32.Rb1 Ne2+ 33.Kf1 Nc3 34.Bh6 Nxd1 35.Rxd1 f6 36.Nc6 Kf7
37.Nd8+ Ke8 38.Ne6 gxf5 39.Ng7+ Kf7 40.Nxf5 Rcc2 41.Ne3 Re2 42.Rd7 Kg6 43.Rxe7 Kxh6
44.Ng4+ Kg5 45.Rg7+ Kf5 46.h3 h5 47.Nh6+ Ke6 48.Ng8  0-1

[Event "XLI Rilton Cup 2011-12"]
[Site "Stockholm SWE"]
[Date "2011.12.27"]
[Round "1"]
[White "Golikov,Nikolai"]
[Black "Sipila,V"]
[Result "0-1"]
[WhiteElo "2003"]
[BlackElo "2316"]

1.e4 g6 2.d4 Bg7 3.Nc3 c5 4.Nf3 cxd4 5.Nxd4 Nc6 6.Be3 d6 7.Qd2 Nf6 8.f3 Bd7
9.Bc4 Qc7 10.Bb3 Na5 11.O-O-O Nc4 12.Bxc4 Qxc4 13.Kb1 Rc8 14.h4 h5 15.Nb3 b6
16.Bg5 Be6 17.Nd4 a5 18.Rhe1 O-O 19.g4 hxg4 20.f4 b5 21.Ndxb5 Rb8 22.a4 Nd7
23.e5 dxe5 24.Bxe7 Rfc8 25.b3 Qxf4 26.Qxf4 exf4 27.Ne4 f3 28.Rd2 Be5 29.Ng5 Bf4
30.Rd4 f2 31.Red1 Bxg5 32.Bxg5 g3 33.Be3 Ne5 34.Nd6 Ng4 35.Bxf2 Nxf2 36.Nxc8 Nxd1
37.Ne7+ Kf8  0-1

[Event "Czech Chess Christmas 2011"]
[Site "Litomysl CZE"]
[Date "2011.12.29"]
[Round "6.5"]
[White "Kastner,O"]
[Black "Sabol,M"]
[Result "1/2-1/2"]
[WhiteElo "2137"]
[BlackElo "2371"]

1.e4 g6 2.d4 Bg7 3.Nc3 c5 4.Be3 Qa5 5.Nf3 Nc6 6.Be2 cxd4 7.Nxd4 Nf6 8.O-O O-O
9.Qd2 d6 10.Nb3 Qd8 11.Bh6 a6 12.Bxg7 Kxg7 13.Rad1 b5 14.a3 Bb7 15.f4 Qb6+
16.Kh1 Rad8 17.Nd5 Nxd5 18.exd5  1/2-1/2

[Event "10th Nantes Open"]
[Site "Nantes FRA"]
[Date "2011.12.29"]
[Round "5.7"]
[White "Theon,P"]
[Black "Colin,V"]
[Result "0-1"]
[WhiteElo "2060"]
[BlackElo "2415"]

1.d4 g6 2.e4 Bg7 3.Nc3 a6 4.f4 b5 5.Nf3 Bb7 6.Bd3 d6 7.O-O Nd7 8.e5 e6 9.Ne4 Qe7
10.a4 b4 11.Qe1 a5 12.c3 d5 13.Nf2 Bf8 14.g4 Ba6 15.Qe2 Bxd3 16.Nxd3 h5 17.h3 hxg4
18.hxg4 b3 19.f5 exf5 20.gxf5 gxf5 21.Qd1 Ra6 22.Nf4 Rah6 23.Be3 Ngf6 24.Qxb3 Ne4
25.Qxd5 c6 26.Qxa5 Rh1+ 27.Kg2 R1h2+ 28.Kg1 Rxb2 29.Qa8+ Nb8 30.Bf2 Rg8+
31.Ng2 Ng5 32.Nfh4 Nh3+ 33.Kh2 Qg5 34.Kxh3 Be7 35.Rh1 Qg4+ 36.Kh2 Bxh4  0-1

[Event "Schachtuerken-Cup"]
[Site "Paderborn GER"]
[Date "2011.12.30"]
[Round "7.5"]
[White "Kaufeld,J"]
[Black "Gazic,J"]
[Result "1-0"]
[WhiteElo "2263"]
[BlackElo "2276"]

1.e4 g6 2.d4 Bg7 3.Nc3 c5 4.dxc5 Qa5 5.Bd2 Qxc5 6.Nd5 Bxb2 7.Rb1 Ba3 8.Rb3 Nc6
9.Nc7+ Kd8 10.Nxa8 b6 11.Rc3 Qd6 12.Rd3  1-0

[Event "Czech Chess Christmas 2011"]
[Site "Litomysl CZE"]
[Date "2011.12.31"]
[Round "8.11"]
[White "Navratil,Ji3"]
[Black "Sabol,M"]
[Result "0-1"]
[WhiteElo "2074"]
[BlackElo "2371"]

1.e4 g6 2.d4 Bg7 3.Nc3 c5 4.Be3 Qa5 5.Qd2 Nc6 6.dxc5 Nf6 7.f3 O-O 8.Bd3 Ne8
9.Nge2 Nc7 10.O-O Ne6 11.a3 Qd8 12.b4 d6 13.cxd6 Qxd6 14.Rac1 f5 15.Nd5 a5
16.Bc4 Ne5 17.Bb3 a4 18.Ba2 b5 19.Bc5 Qd7 20.Nef4 Kh8 21.Nxe6 Qxe6 22.Nc7 Qxa2
23.Nxa8 Be6 24.Nc7 Bc4 25.Rfd1 fxe4 26.fxe4 Qxa3 27.c3 Nd3 28.Rc2 Nxc5 29.bxc5 Qxc5+
30.Kh1 Qxc7 31.Rcc1 a3  0-1

[Event "Cracovia Open A"]
[Site "Krakow POL"]
[Date "2012.01.02"]
[Round "7.39"]
[White "Khamidov,K"]
[Black "Andrenko,I"]
[Result "0-1"]
[WhiteElo "2056"]
[BlackElo "2210"]

1.e4 g6 2.d4 Bg7 3.Nc3 a6 4.f4 b5 5.Nf3 d6 6.Be3 Bb7 7.Bd3 Nd7 8.O-O c5 9.e5 b4
10.Ne2 Bxf3 11.Rxf3 cxd4 12.Nxd4 dxe5 13.Nc6 Qc8 14.Nxe5 Ngf6 15.Qe1 O-O
16.Qxb4 Nxe5 17.fxe5 Ng4 18.Qxe7 Nxe5 19.Rf2 Re8 20.Qg5 Ng4 21.Bb6 Nxf2 22.Bxf2 Bxb2
23.Rf1 Qe6 24.h4 Bf6 25.Qg3 Qe5 26.Qf3 h5 27.Bb6 Kg7 28.Kh1 Rac8 29.c3 Rxc3
30.Qxf6+ Qxf6 31.Rxf6 Rxd3 32.Rf2 Re4 33.Rf1 Rxh4+ 34.Kg1 Rg4 35.a4 Rd2 36.Bf2 Rxa4  0-1

[Event "Northern California International"]
[Site "Fremont USA"]
[Date "2012.01.03"]
[Round "3"]
[White "Byambaa,Uyanga"]
[Black "Guerrero Rodriguez,Alej"]
[Result "1-0"]
[WhiteElo "2118"]
[BlackElo "2048"]

1.e4 g6 2.d4 Bg7 3.Nc3 c5 4.d5 d6 5.f4 a6 6.a4 e6 7.Nf3 Ne7 8.Bc4 exd5 9.Nxd5 Nbc6
10.O-O O-O 11.c3 Rb8 12.Qe2 Na5 13.Ba2 b5 14.axb5 Rxb5 15.f5 Nxd5 16.Bxd5 Nb3
17.Bg5 Qb6 18.f6 Bh8 19.Rad1 c4+ 20.Kh1 Nc5 21.Qxc4 Be6 22.b4 Bxd5 23.exd5 Na4
24.Qb3 Nc5 25.bxc5 dxc5 26.Qa4 Bxf6 27.Bxf6 Qxf6 28.Nd4 Qh4 29.Qxa6 Rb2 30.Nf3 Qg4
31.g3 Re8 32.Qf6 Ree2 33.d6 Qe4 34.Qh4  1-0

[Event "Cracovia Open A"]
[Site "Krakow POL"]
[Date "2012.01.03"]
[Round "8.8"]
[White "Nyysti,S"]
[Black "Brodowski,P"]
[Result "1-0"]
[WhiteElo "2345"]
[BlackElo "2421"]

1.e4 g6 2.d4 Bg7 3.Nc3 c5 4.dxc5 Bxc3+ 5.bxc3 Qa5 6.Bd2 Qxc5 7.Nf3 Nf6 8.Bd3 Nc6
9.Rb1 d6 10.O-O O-O 11.Rb5 Qa3 12.Nh4 a6 13.Rg5 Ne5 14.f4 Neg4 15.h3 e5 16.hxg4 h6
17.f5 hxg5 18.Bxg5 Nh7 19.Bh6 g5 20.f6 Qc5+ 21.Kh2 Qe3 22.Nf5 Bxf5 23.Rxf5 Rfe8
24.Rf3 Qc5 25.Qc1 Kh8 26.Bg7+ Kg8 27.Rh3 Qf2 28.Qxg5  1-0

[Event "Northern California International"]
[Site "Fremont USA"]
[Date "2012.01.04"]
[Round "4"]
[White "Smith,Bry"]
[Black "Aleskerov,F"]
[Result "0-1"]
[WhiteElo "2460"]
[BlackElo "2362"]

1.e4 g6 2.d4 Bg7 3.Nc3 d5 4.exd5 Nf6 5.Bc4 Nbd7 6.Bb3 Nb6 7.Qf3 O-O 8.h3 a5
9.a4 Bd7 10.Nge2 c6 11.dxc6 Bxc6 12.Qg3 Nh5 13.Qh2 e5 14.dxe5 Qe7 15.f4 g5
16.e6 fxe6 17.fxg5 Rad8 18.Qg1 Ng3 19.Qxb6 Nxh1 20.Be3 Be5 21.Rd1 Rxd1+ 22.Nxd1 Ng3
23.Nxg3 Bxg3+ 24.Kd2 Bf4 25.h4 Bd5 26.Kc1 Bxb3 27.Qxb3 Qd6 28.Bxf4 Rxf4 29.c3 Rf1
30.Qc2 Rg1 31.g6 h5 32.Qe2 Qf4+ 33.Kb1 Qg4 34.Qxg4 hxg4 35.Kc2 Rxg2+ 36.Kd3 Rh2
37.Ke4 g3 38.Kf3 g2  0-1

[Event "XLI Rilton Cup 2011-12"]
[Site "Stockholm SWE"]
[Date "2012.01.05"]
[Round "9"]
[White "Malmdin,N"]
[Black "Fries Nielsen,JO"]
[Result "0-1"]
[WhiteElo "2308"]
[BlackElo "2387"]

1.e4 g6 2.d4 Bg7 3.Nc3 a6 4.Be3 d6 5.Qd2 Nd7 6.h4 h5 7.Nh3 b5 8.Ng5 Bb7 9.f4 Nh6
10.Be2 e6 11.Bf3 b4 12.Nd1 a5 13.Nf2 Nb6 14.b3 d5 15.e5 Nf5 16.Nd3 Nd7 17.Bf2 Bf8
18.g4 hxg4 19.Bxg4 c5 20.Bxf5 gxf5 21.h5 Qc7 22.Rh3 c4 23.Nc1 a4 24.bxa4 Rxa4
25.Kf1 Qa5 26.Be3 Ra3 27.Qd1 Rh6 28.Bf2 Rxh3 29.Nxh3 Qa3 30.Kg2 Qb2 31.Ne2 Rxh5
32.Ng3 Rh6 33.a4 bxa3 34.Rb1 c3 35.Ne2 a2 36.Ra1 Ba6 37.Nhg1 Rg6+ 38.Kf3 Nb6
39.Be1 Na4 40.Qc1 Ba3  0-1

[Event "Northern California International"]
[Site "Fremont USA"]
[Date "2012.01.08"]
[Round "9"]
[White "Bachmann,Ax"]
[Black "Aleskerov,F"]
[Result "1-0"]
[WhiteElo "2560"]
[BlackElo "2362"]

1.e4 g6 2.d4 Bg7 3.Nc3 d5 4.exd5 Nf6 5.Bc4 Nbd7 6.Bb3 Nb6 7.Nf3 O-O 8.O-O a5
9.a4 Nbxd5 10.Nxd5 Nxd5 11.h3 b6 12.Re1 e6 13.Bg5 Bf6 14.Bxf6 Qxf6 15.Ne5 h5
16.c3 Rd8 17.Bxd5 exd5 18.Re3 Bf5 19.Qf3 Kg7 20.Rae1 c5 21.g4 hxg4 22.hxg4 Be4
23.Qg3 Qd6 24.f3 Bc2 25.R3e2 Bxa4 26.dxc5 Qxc5+ 27.Kg2 Bb5 28.Qf4 Qc7 29.g5 Rh8
30.Re3 Rae8 31.Qf6+ Kg8 32.Ng4 Rxe3 33.Rxe3 Qc4 34.Re1 Qd3 35.Kg3 Qd2 36.Re7 Rh3+
37.Kxh3 Bf1+ 38.Kh4  1-0

[Event "37th Seville Open"]
[Site "Seville ESP"]
[Date "2012.01.10"]
[Round "4"]
[White "Barrenechea Bahamonde,G"]
[Black "Komljenovic,D"]
[Result "0-1"]
[WhiteElo "2228"]
[BlackElo "2457"]

1.e4 g6 2.d4 Bg7 3.Nc3 c5 4.dxc5 Bxc3+ 5.bxc3 Qa5 6.Qd4 Nf6 7.Bd2 Nc6 8.Qe3 b6
9.cxb6 Qxb6 10.Qxb6 axb6 11.Bd3 Ra4 12.f3 Ba6 13.Nh3 Ne5 14.Nf2 O-O 15.Be3 Rb8
16.Bf4 d6 17.Bxe5 dxe5 18.Kd2 Bc4 19.Bxc4 Rxc4 20.Rhb1 Nd7 21.Rb4 Rc7 22.a4 Ra8
23.Nd3 f6 24.Ra3 Kf7 25.Kc1 g5 26.Rb5 Rca7 27.Nb2 h5 28.Rb4 g4 29.Nc4 Ra6
30.fxg4 hxg4 31.Ne3 Rg8 32.Kd2 Nc5 33.Ke2 e6 34.Kf2 Rg5 35.Ra1 f5 36.exf5 exf5
37.Kg1 f4 38.Nc4 Nd7 39.Rd1 Ke7 40.Rd5 Ra7 41.Rdb5 Rc7 42.Nxb6 Nxb6 43.Rxb6 Rxc3
44.Rb2 g3 45.h3 Rg8 46.Rh6 Kd7 47.a5 Ra3 48.Kf1 Rxa5 49.Rb7+ Kc8 50.Rf7 Kb8
51.Re7 f3 52.Rb6+ Kc8 53.Rb1 f2 54.Reb7 Rd8 55.Rg7 Ra3 56.Rg5 Rd5 57.Ke2 Rc3
58.Rb2 Rdc5 59.Kf1 Rxc2 60.Rxc2 Rxc2 61.Rxg3 Kd7 62.Rf3 Ke6 63.Rxf2 Rc1+
64.Ke2 Kd5 65.Kd2 Ra1 66.Ke2 Kd4 67.Rf1 Ra2+ 68.Kf3 e4+ 69.Kg3 Kd3 70.h4 e3
71.h5  0-1

[Event "72nd ch-ARM"]
[Site "Yerevan ARM"]
[Date "2012.01.12"]
[Round "2"]
[White "Babujian,L"]
[Black "Minasian,Art"]
[Result "0-1"]
[WhiteElo "2474"]
[BlackElo "2525"]

1.d4 g6 2.e4 Bg7 3.Nc3 a6 4.h4 h5 5.Bg5 b5 6.a4 b4 7.Nd5 Bb7 8.Bc4 Nf6 9.Qf3 Nc6
10.Ne2 Na5 11.Bd3 d6 12.Rd1 Nxd5 13.exd5 Qd7 14.O-O O-O 15.Rfe1 e6 16.Nf4 e5
17.dxe5 dxe5 18.Nxh5 gxh5 19.Bf5 Qd6 20.Qxh5 Rfe8 21.Re3 e4 22.Rg3 Kf8 23.Qh7 e3
24.Bxe3 Qxg3 25.Bc5+ Qd6 26.Bxd6+ cxd6 27.Be4 Rac8 28.b3 Rc7 29.Rd3 Rc3 30.Rxc3 bxc3
31.h5 Bc8 32.h6 Bf6 33.f4 Nb7 34.Bf3 Nc5 35.g4 Ke7 36.b4 Rh8 37.Qxh8 Bxh8
38.bxc5 Bd4+ 39.Kg2 Bxc5 40.Kg3 Kf8 41.Be4 a5 42.g5 Be3 43.Kf3 Bd2 44.Bd3 Bd7
45.Bh7 Bxa4 46.Kg4 Bb5 47.f5 Be2+ 48.Kh4 f6  0-1

[Event "20th Fajr Open"]
[Site "Tabriz IRI"]
[Date "2012.01.13"]
[Round "3.5"]
[White "Kovalev,An"]
[Black "Ghanbari,R"]
[Result "0-1"]
[WhiteElo "2517"]
[BlackElo "2238"]

1.e4 g6 2.d4 Bg7 3.Nc3 c5 4.d5 d6 5.Nf3 Nf6 6.h3 O-O 7.Bc4 b5 8.Nxb5 Nxe4
9.O-O a6 10.Na3 Nf6 11.Re1 Nbd7 12.Bf1 Nb6 13.c4 e6 14.dxe6 fxe6 15.Bg5 Qc7
16.Rc1 Bd7 17.Rc2 Rae8 18.Rd2 Bc6 19.Rxd6 Ne4 20.Rxc6 Qxc6 21.Bc1 Nd6 22.Ne5 Qc7
23.Qe2 Nf5 24.Nc2 Nd7 25.Nf3 e5 26.Ng5 Nf6 27.Ne4 Nd4 28.Nxf6+ Bxf6 29.Qe4 Qc6
30.Qxc6 Nxc6 31.Bd3 Nd4 32.Be4 Kg7 33.Ne3 Bh4 34.g3 Bg5 35.Kg2 Bh6 36.b3 Nf5
37.Bxf5 gxf5 38.Ba3 Bxe3 39.Rxe3 f4 40.gxf4 exf4 41.Rxe8 Rxe8 42.Bxc5 Kf6
43.Kf3 Kf5 44.Bd6 Re4 45.c5 Rd4 46.h4 h5 47.Bb8 Rd3+ 48.Ke2 Rc3 49.b4 Rc2+
50.Kd3 Rxa2 51.c6 Ke6 52.Ba7 Kd6 53.Ke4 Kxc6 54.Kxf4 Rb2 55.Kg5 Rxb4 56.f4 a5
57.f5 Kd7 58.Bc5 Rc4 59.Ba3 Ke8 60.Kxh5 Kf7 61.Kg5 Rc3 62.Bb2 Rb3  0-1

[Event "TCh-SWE 2011-12"]
[Site "Sweden SWE"]
[Date "2012.01.14"]
[Round "4"]
[White "Hedman,E"]
[Black "Brustkern,J"]
[Result "1/2-1/2"]
[WhiteElo "2392"]
[BlackElo "2449"]

1.e4 g6 2.d4 Bg7 3.Nc3 d5 4.exd5 Nf6 5.Bc4 Nbd7 6.Qf3 Nb6 7.Bb3 a5 8.a4 Bg4
9.Qg3 Bf5 10.Qf3 Bg4 11.Qg3 Bf5 12.Qf3 Bg4  1/2-1/2

[Event "TCh-BEL 2011-12"]
[Site "Belgium BEL"]
[Date "2012.01.15"]
[Round "6.6"]
[White "Westerweele,H"]
[Black "Memeti,K"]
[Result "1/2-1/2"]
[WhiteElo "1961"]
[BlackElo "2195"]

1.e4 g6 2.d4 Bg7 3.Nc3 c5 4.Nf3 Qa5 5.Be2 cxd4 6.Nxd4 Nc6 7.Be3 Nf6 8.O-O d6
9.Qd2 Nxd4 10.Qxd4 O-O 11.Qd2 Bg4 12.f3 Be6 13.Rfd1 Rfc8 14.Nb5 Qxd2 15.Rxd2 a6
16.Nd4 Bd7 17.Rad1 b5 18.c3 Be8 19.Bg5 h6 20.Bh4 Kf8 21.Nc2 Rab8 22.Ne3 Nd7
23.Nd5 g5 24.Bg3 Ne5 25.Ne3 Bd7 26.a3 Be6 27.Nd5 Rb7 28.Bf2 f5 29.Bd4 fxe4
30.fxe4 Ng6 31.Bxg7+ Kxg7 32.Rf1 Ne5 33.Ne3 Rf8 34.Nf5+ Bxf5 35.Rxf5 Rxf5
36.exf5 Kf6 37.g4 Rc7 38.Rd4 Nc4 39.Bxc4 Rxc4 40.Kf2 Ke5 41.Ke3 a5 42.a4 Rxa4
43.Rxa4 bxa4 44.c4 d5 45.c5 d4+ 46.Kd3 Kd5 47.c6 Kxc6 48.Kxd4 Kb5  1/2-1/2

[Event "20th Fajr Open"]
[Site "Tabriz IRI"]
[Date "2012.01.17"]
[Round "8.9"]
[White "Sevdimaliev,U"]
[Black "Ghanbari,R"]
[Result "1-0"]
[WhiteElo "2143"]
[BlackElo "2238"]

1.e4 g6 2.d4 Bg7 3.Nc3 c5 4.Nf3 cxd4 5.Nxd4 Nc6 6.Be3 Nf6 7.Nb3 O-O 8.Be2 d6
9.O-O a5 10.a4 Nb4 11.f4 Be6 12.Nd2 Bd7 13.Bf3 Qc8 14.h3 Rd8 15.Rf2 e5 16.Nb3 Qc7
17.Rd2 Bc6 18.Kh1 Rd7 19.Qg1 d5 20.Bb6 Qc8 21.fxe5 Nh5 22.Qe1 Bxe5  1-0

[Event "Gibraltar Open"]
[Site "Caleta ENG"]
[Date "2012.01.28"]
[Round "5.82"]
[White "Benmesbah,N"]
[Black "Candano Gonzalez,A"]
[Result "1-0"]
[WhiteElo "2228"]
[BlackElo "1647"]

1.e4 g6 2.d4 Bg7 3.Nc3 c5 4.d5 d6 5.h3 Nf6 6.Nf3 O-O 7.Bd3 a6 8.a4 Nfd7 9.O-O Ne5
10.Nd2 Nxd3 11.cxd3 f5 12.f4 Qe8 13.a5 Bd7 14.Nc4 Bb5 15.Re1 Nd7 16.exf5 Rxf5
17.Nxd6 Qf8 18.Nxf5 gxf5 19.Nxb5 axb5 20.Qe2 Bf6 21.Qe6+  1-0

[Event "Gibraltar Open"]
[Site "Caleta ENG"]
[Date "2012.01.29"]
[Round "6.108"]
[White "Bihi,M"]
[Black "Peltomaki,J"]
[Result "1-0"]
[WhiteElo "1919"]
[BlackElo "2051"]

1.e4 g6 2.d4 Bg7 3.Nc3 c5 4.Nge2 cxd4 5.Nxd4 Nc6 6.Be3 Nf6 7.Nxc6 bxc6 8.e5 Ng8
9.f4 f6 10.f5 fxe5 11.fxg6 d5 12.Qh5 h6 13.O-O-O e6 14.Ne4 Nf6 15.Nxf6+ Qxf6
16.Be2 e4 17.c3 Qf5 18.Rhf1 Qxh5 19.Bxh5 Rb8 20.Rf7 Rb7 21.Rdf1 e5 22.Rxb7 Bxb7
23.Rf7 d4 24.cxd4 exd4 25.Bxd4 Bxd4 26.g7 Rg8 27.Rxb7+ Kd8 28.Rb8+ Kc7 29.Rxg8 e3
30.Rf8 Bxg7 31.Rf7+  1-0

[Event "Moscow Open 2012 A"]
[Site "Moscow RUS"]
[Date "2012.01.30"]
[Round "3.77"]
[White "Shevchenko,Kirill"]
[Black "Belyakov,B"]
[Result "0-1"]
[WhiteElo "1942"]
[BlackElo "2375"]

1.e4 g6 2.d4 Bg7 3.Nc3 c5 4.Be3 Qa5 5.Qd2 cxd4 6.Bxd4 Bxd4 7.Qxd4 Nf6 8.O-O-O Nc6
9.Qd2 d6 10.Bc4 Be6 11.Bxe6 fxe6 12.Nf3 Rc8 13.Kb1 b5 14.e5 dxe5 15.Rhe1 b4
16.Ne4 O-O 17.Qe2 Nd5 18.Qd2 Rf4 19.Neg5 Nc3+ 20.bxc3 bxc3 21.Qc1 Rb8+ 22.Ka1 Ra4
23.Qb1 Rxb1+ 24.Kxb1 Qb4+  0-1

[Event "ch-TUR w 2012"]
[Site "Kemer TUR"]
[Date "2012.01.31"]
[Round "4"]
[White "Temel,Burcu Melis"]
[Black "Hereklioglu,Sude"]
[Result "0-1"]
[WhiteElo "1593"]
[BlackElo "1637"]

1.e4 g6 2.d4 Bg7 3.Nc3 a6 4.a4 b6 5.g3 Bb7 6.Bg2 d6 7.Nge2 Nd7 8.O-O Rc8
9.Be3 c5 10.Rb1 Qc7 11.Qd2 Qb8 12.f4 cxd4 13.Bxd4 Bxd4+ 14.Nxd4 Ngf6 15.f5 Ne5
16.Qf4 Qc7 17.Kh1 Nc4 18.Nce2 Qc5 19.b4 Qe5 20.Rfe1 Qxf4 21.Nxf4 Nd2 22.Rbd1 Ndxe4
23.Kg1 Ba8 24.Rd3 Rc4 25.c3 Rc7 26.g4 h6 27.fxg6 fxg6 28.Nde6 Rc8 29.Nxg6 Rg8
30.Ngf4 Rxg4 31.Kf1 Rc4 32.h3 Rg8 33.Ree3 Rc8 34.Nd4 e5 35.Nf5 exf4 36.Nxd6+ Kf8
37.Nxc8 fxe3 38.Bxe4 Bxe4 39.Rxe3 Kg7 40.Nxb6 Rd8 41.Ke2 Re8 42.Kf2 Bc6 43.Rg3+ Kf7
44.a5 Ne4+  0-1

[Event "Gibraltar Open"]
[Site "Caleta ENG"]
[Date "2012.02.01"]
[Round "9.107"]
[White "Marder,S"]
[Black "Candano Gonzalez,A"]
[Result "1-0"]
[WhiteElo "2032"]
[BlackElo "1647"]

1.Nc3 g6 2.d4 Bg7 3.e4 c5 4.Be3 Qa5 5.Nf3 Nf6 6.Nd2 cxd4 7.Nb3 Qd8 8.Nxd4 Nc6
9.Nxc6 bxc6 10.e5 Ng8 11.f4 Nh6 12.g4 d6 13.h3 O-O 14.Bg2 Qc7 15.exd6 exd6
16.O-O Ba6 17.Rf2 Rab8 18.Bd4 f6 19.Qd2 Bb7 20.Bxa7 Rbd8 21.Bd4 c5 22.Nd5 Qd7
23.Bc3 Bxd5 24.Qxd5+ Nf7 25.a4 f5 26.Bxg7 Kxg7 27.g5 Qa7 28.b3 Rfe8 29.Rd1 Re3
30.Qb7 Qxb7 31.Bxb7 Rxh3 32.a5 h6 33.a6 hxg5 34.a7 Rhh8 35.Ra1 gxf4 36.a8=Q Rxa8
37.Rxa8 Rh5 38.Ra7 Ng5 39.Kf1 Ne4  1-0

[Event "Frauenbundesliga 2011-12"]
[Site "Germany GER"]
[Date "2012.02.11"]
[Round "8.4"]
[White "Kalinina,O"]
[Black "Kiefhaber,V"]
[Result "1-0"]
[WhiteElo "2288"]
[BlackElo "2217"]

1.e4 g6 2.d4 Bg7 3.Nc3 d5 4.exd5 Nf6 5.Bc4 Nbd7 6.Bb3 Nb6 7.h3 Nbxd5 8.Nxd5 Nxd5
9.c4 Nf6 10.Be3 O-O 11.Nf3 c5 12.O-O Qc7 13.d5 Ne4 14.Qc1 e5 15.Re1 Nd6 16.Bh6 f6
17.Bxg7 Qxg7 18.Ba4 a6 19.b4 b6 20.bxc5 bxc5 21.Rb1 Qc7 22.Nd2 Bf5 23.Rb3 Rab8
24.Qb2 a5 25.g4 Rxb3 26.Qxb3 Bc8 27.Bb5 f5 28.Qg3 e4 29.gxf5 Nxb5 30.cxb5 Qxg3+
31.fxg3 gxf5 32.Rc1 Rd8 33.Rxc5 Bb7 34.Nc4 Bxd5 35.Nxa5 e3 36.Rc3 Ra8 37.Nc6 Rxa2
38.Ne7+ Kf7 39.Rxe3 Be4 40.Nc8 Rb2 41.g4 Kf6 42.Nd6 Rb1+ 43.Kf2 Bd5 44.gxf5 Rb2+
45.Ke1 h5 46.Kd1 h4 47.Kc1 Ra2 48.b6 Ra6 49.b7 Bxb7 50.Re6+ Kg5 51.Nxb7 Ra7
52.Nd6  1-0

[Event "TCh-CZE Liga 1 Zapad"]
[Site "Czech Rep CZE"]
[Date "2012.02.12"]
[Round "8.2"]
[White "Vrana,J"]
[Black "Michalek,J"]
[Result "1-0"]
[WhiteElo "2290"]
[BlackElo "2332"]

1.e4 g6 2.d4 Bg7 3.Nc3 a6 4.f4 b5 5.Be2 Bb7 6.Bf3 e6 7.e5 Bxf3 8.Qxf3 Nc6
9.Be3 Nge7 10.Nge2 d5 11.g4 h5 12.h3 Qd7 13.Ng3 h4 14.Nge2 Na5 15.b3 Nb7
16.O-O Rc8 17.Qf2 f5 18.g5 Bf8 19.Nc1 Nc6 20.a3 Kf7 21.Nd3 Nxd4 22.Bxd4 c5
23.Be3 d4 24.Rfd1 dxe3 25.Qxe3 Qc6 26.Ne1 Be7 27.Nf3 Bd8 28.Ne2 c4 29.Nfd4 Qb6
30.b4 Bc7 31.c3 Nd8 32.Qf3 Bb8 33.Kh2 Rc7 34.a4 Rd7 35.axb5 axb5 36.Ra5 Rd5
37.Rda1 Qb7 38.Ra6 Re8 39.Qf2 Rh8 40.R1a2 Rd7 41.Qg2 Rd5 42.Ng1 Qd7 43.Ngf3 Rh5
44.Ne1 Ke8 45.Ra8 Bc7 46.R2a7 Rxd4 47.cxd4 Qxd4 48.Rxc7  1-0

[Event "11th Aeroflot Open B"]
[Site "Moscow RUS"]
[Date "2012.02.12"]
[Round "6"]
[White "Vaibhav,S"]
[Black "Minasian,Art"]
[Result "1-0"]
[WhiteElo "2448"]
[BlackElo "2525"]

1.e4 g6 2.d4 Bg7 3.Nc3 a6 4.a4 d6 5.Be3 Nf6 6.h3 O-O 7.Nf3 Nc6 8.Qd2 Nb4
9.Bc4 d5 10.exd5 Nbxd5 11.Nxd5 Nxd5 12.Bh6 b6 13.h4 f6 14.h5 Bxh6 15.Qxh6 g5
16.Nxg5 Bf5 17.Nh3 Kh8 18.O-O-O b5 19.Bxd5 Qxd5 20.Nf4 Qe4 21.Rd3 Rf7 22.f3 Qc6
23.Rc3 Qd6 24.g4 Bd7 25.a5 Kg8 26.Rd1 Rg7 27.Rc5 c6 28.Nd3 Qxd4 29.Rc3 b4
30.Nc5 Qxd1+ 31.Kxd1 bxc3 32.bxc3 Rg5 33.Ne4 Rxa5 34.g5 fxg5 35.Nxg5 Bf5
36.Qxc6 Rc8 37.Qb7 Rd8+ 38.Kc1 Kf8 39.c4 Ra2 40.Kb1 Ra3 41.Qc7 Ke8 42.Kb2 Ra4
43.Qe5 Bc8 44.Kb3  1-0

[Event "3rd Novy Bor Open"]
[Site "Novy Bor CZE"]
[Date "2012.02.14"]
[Round "4"]
[White "Jinova,L"]
[Black "Nguyen,P"]
[Result "0-1"]
[WhiteElo "2129"]
[BlackElo "2378"]

1.e4 g6 2.d4 Bg7 3.Nc3 c5 4.Nf3 cxd4 5.Nxd4 Nc6 6.Be3 Nf6 7.Nxc6 bxc6 8.e5 Nd5
9.Nxd5 cxd5 10.Qxd5 Rb8 11.Bc4 O-O 12.O-O Bb7 13.Qd4 Qc7 14.Bf4 d6 15.exd6 exd6
16.Qd3 Bxb2 17.Rad1 Be5 18.Bh6 Rfc8 19.Bd5 Bxd5 20.Qxd5 Qxc2 21.f4 Rc5 22.Qf3 Bb2
23.Rxd6 Rh5 24.Rc6 Bd4+ 25.Kh1 Qxa2 26.Bg5 h6 27.Bf6 Bxf6 28.Rxf6 Rb1 29.h3 Rxf1+
30.Qxf1 Ra5 31.Rd6 Qa3 32.Rd7 Qa4 33.Rc7 Qd4 34.Rc8+ Kg7 35.Kh2 Ra4 36.Ra8 Qe4  0-1

[Event "3rd Novy Bor Open"]
[Site "Novy Bor CZE"]
[Date "2012.02.15"]
[Round "6"]
[White "Korolchuk,N"]
[Black "Nguyen,P"]
[Result "1/2-1/2"]
[WhiteElo "2235"]
[BlackElo "2378"]

1.e4 g6 2.d4 Bg7 3.Nc3 c5 4.Nf3 cxd4 5.Nxd4 Nc6 6.Nb3 Bxc3+ 7.bxc3 Nf6 8.Bd3 d5
9.exd5 Qxd5 10.O-O Bg4 11.f3 Be6 12.Qe2 Qe5 13.Qxe5 Nxe5 14.Re1 Nfd7 15.Bf4 Nc6
16.Nd4 Nc5 17.Nxc6 bxc6 18.Be4 Bd5 19.Be3 Nb7 20.Rab1 Nd6 21.Bd4 Rf8 22.Bxa7 Kd7
23.Bc5 Rxa2 24.Bxd6 Kxd6 25.Rbd1 Ra4 26.Bd3 Rh8 27.Be4  1/2-1/2

[Event "Bunratty Open"]
[Site "Bunratty IRL"]
[Date "2012.02.18"]
[Round "4"]
[White "Maroroa,S"]
[Black "Ansell,S"]
[Result "0-1"]
[WhiteElo "2020"]
[BlackElo "2373"]

1.e4 g6 2.d4 Bg7 3.Nc3 a6 4.h4 h5 5.Nh3 b5 6.Ng5 Bb7 7.f3 d6 8.Be3 Nd7 9.Qd2 c5
10.O-O-O Rc8 11.Kb1 Qa5 12.dxc5 Nxc5 13.Bd4 Nf6 14.Nd5 Qxd2 15.Rxd2 Bxd5
16.exd5 O-O 17.c4 b4 18.Be2 Nfd7 19.Re1 Bxd4 20.Rxd4 Rfe8 21.Bd1 a5 22.f4 Kg7
23.g4 hxg4 24.Bxg4 f5 25.Bf3 Nf6 26.Rd2 Rc7 27.Rde2 a4 28.h5 gxh5 29.Bxh5 Nxh5
30.Rg1 Rg8 31.Ne6+ Kf7 32.Rxg8 Nxe6 33.Rh8 Nexf4 34.Rc2 b3 35.axb3 axb3 36.Rc3 Kg7
37.Rb8 Ne2 38.Rcxb3 f4 39.Rh3 Nhg3 40.Rb3 Rxc4  0-1

[Event "16th Guingamp Open"]
[Site "Guingamp FRA"]
[Date "2012.02.20"]
[Round "4"]
[White "Jolly,J"]
[Black "Bourges,J"]
[Result "1-0"]
[WhiteElo "2412"]
[BlackElo "2067"]

1.e4 g6 2.d4 Bg7 3.Nc3 c5 4.dxc5 Bxc3+ 5.bxc3 Nc6 6.Be3 Qa5 7.Qd2 Nf6 8.f3 O-O
9.Bd3 b6 10.cxb6 axb6 11.Ne2 d5 12.Nd4 Ne5 13.Nb3 Qa4 14.O-O dxe4 15.fxe4 Nc4
16.Qe1 Nxe3 17.Qxe3 Be6 18.Nd4 Bc4 19.Rf3 Rfc8 20.e5 Nd7 21.Qh6 Qa5 22.Bxc4 Rxc4
23.Rxf7 Kxf7 24.Qxh7+ Ke8 25.Qxg6+ Kd8 26.Qg8+ Kc7 27.Qxc4+  1-0

[Event "Caissa GM Feb 2012"]
[Site "Kecskemet HUN"]
[Date "2012.02.21"]
[Round "4.2"]
[White "Antal,T"]
[Black "Minko,V"]
[Result "1/2-1/2"]
[WhiteElo "2352"]
[BlackElo "2038"]

1.e4 g6 2.d4 Bg7 3.Nc3 d5 4.exd5 Nf6 5.Bc4 Nbd7 6.Nge2 Nb6 7.Bb3 Nbxd5 8.Nxd5 Nxd5
9.c4 Nb6 10.O-O a5 11.a3 O-O 12.Be3 c6 13.Qd2 Bf5 14.Rfd1 Qc7 15.Ng3 e6 16.Nxf5 exf5
17.c5 Nd7 18.Bf4 Qc8 19.Re1 Nf6 20.Qd3 Qd7 21.Bd6 Rfe8 22.f3 Rxe1+ 23.Rxe1 Re8
24.Be5 Ng4 25.Bxf7+ Kxf7 26.Qc4+ Qd5 27.Qxd5+ cxd5 28.fxg4 Bxe5 29.dxe5 Ke6
30.gxf5+ gxf5 31.Kf2 d4 32.Kf3 Kd5 33.Kf4 d3 34.Kxf5 Rf8+ 35.Kg5 d2 36.Rd1 Rf2
37.Kg4 Rxg2+ 38.Kf3 Rxh2 39.b4 axb4 40.axb4 Kxe5 41.Kg3 Re2 42.Kf3 Re4 43.b5 Rc4
44.c6 bxc6  1/2-1/2

[Event "ch-POL 2012"]
[Site "Warsaw POL"]
[Date "2012.02.23"]
[Round "6"]
[White "Strzemiecki,Z"]
[Black "Tomczak,J"]
[Result "0-1"]
[WhiteElo "2402"]
[BlackElo "2543"]

1.e4 g6 2.d4 Bg7 3.Nc3 d5 4.exd5 Nf6 5.Bb5+ Nbd7 6.Be3 O-O 7.d6 cxd6 8.Qd2 a6
9.Bd3 Ng4 10.Nge2 Nxe3 11.fxe3 b5 12.a4 b4 13.Ne4 Qb6 14.a5 Qb7 15.Nf4 Nf6
16.Nxf6+ Bxf6 17.O-O Bd7 18.Qf2 Bg7 19.Qh4 e5 20.Nh3 Bxh3 21.Qxh3 exd4 22.e4 b3
23.Bc4 bxc2 24.b3 Qxe4 25.Rae1 Qb7 26.Re2 d5 27.Qf3 Qc7 28.Qxd5 Rad8 29.Qg5 d3
30.Re7 Qxe7 31.Qxe7 d2 32.Rxf7 d1=Q+  0-1